Qualitative methods in educational research : studies from BRAC /

Bibliographic Details
Other Authors: Nath, Samir Ranjan (Editor), Chowdhury, A. M. Raza (Editor)
Format: Book
Language:English
Published: Dhaka : Academic Press and Publishers Library, 2010.
Subjects:
Classic Catalogue: View this record in Classic Catalogue
LEADER 02643nam a2200337 a 4500
001 0021877
003 BD-DhAAL
008 100206s2010 bg 001 0 eng d
010 |a  2010317048 
020 |a 9840802550 
020 |a 9789840802289 
040 |a DLC  |c DLC  |d DLC  |d BD-DhAAL 
042 |a lcode 
043 |a a-bg--- 
082 0 4 |a 372.95492  |2 23 
245 0 0 |a Qualitative methods in educational research :  |b studies from BRAC /  |c edited by Samir Ranjan Nath, A. Mushtaque R. Chowdhury. 
260 |a Dhaka :  |b Academic Press and Publishers Library,  |c 2010. 
300 |a xvi, 186 pages ;  |c 22 cm 
504 |a Includes bibliographical references and index. 
541 1 |a Complimentary copy from Dr. Ahmed Mushtaque Raza Chowdhury (Former Vice Chairperson of BRAC)  |e 0021877, 44393, 44394 
650 0 |a Education, Primary  |z Bangladesh. 
700 1 |a Nath, Samir Ranjan,  |e editor. 
700 1 |a Chowdhury, A. M. Raza,  |e editor. 
852 |a Ayesha Abed Library   |c General Stacks 
942 0 0 |0 1  |2 ddc  |c BK 
999 |c 10429  |d 10429 
952 |0 0  |1 0  |2 ddc  |4 0  |6 372_954920000000000_QUA  |7 0  |9 14334  |a BRACUL  |b BRACUL  |c GEN  |d 2011-02-06  |e Development Book Agency  |g 340.00  |l 1  |m 3  |o 372.95492 QUA  |p 3010021877  |r 2016-03-09  |s 2016-02-23  |t 1  |w 2011-02-06  |y BK 
952 |0 0  |1 0  |2 ddc  |4 0  |6 372_954920000000000_QUA  |7 0  |9 14335  |a BRACUL  |b BRACUL  |c GEN  |d 2011-02-06  |e Development Book Agency  |g 340.00  |l 3  |m 2  |o 372.95492 QUA  |p 3010021878  |r 2025-05-04  |s 2025-04-24  |t 2  |w 2011-02-06  |y BK 
952 |0 0  |1 0  |2 ddc  |4 0  |6 372_954920000000000_QUA  |7 0  |9 14336  |a BRACUL  |b BRACUL  |c GEN  |d 2011-02-06  |e Development Book Agency  |g 340.00  |l 1  |m 10  |o 372.95492 QUA  |p 3010021879  |r 2015-12-15  |s 2015-10-11  |t 3  |w 2011-02-06  |y BK 
952 |0 0  |1 0  |2 ddc  |4 0  |6 372_954920000000000_QUA  |7 1  |9 77668  |a BRACUL  |b BRACUL  |c AMRC  |d 2025-04-24  |e Complimentary copy from Dr. Ahmed Mushtaque Raza Chowdhury (Former Vice Chairperson of BRAC)  |g 400.00  |l 0  |o 372.95492 QUA  |p 3010044393  |r 2025-04-24  |t 4  |w 2025-04-24  |y BK  |x Complimentary copy received from Dr. Ahmed Mushtaque Raza Chowdhury (Former Vice Chairperson of BRAC) on 17 April 2025 ; The university librarian instructed to process the photocopy of the book because the author is the copyright recipient. 
952 |0 0  |1 0  |2 ddc  |4 0  |6 372_954920000000000_QUA  |7 1  |9 77669  |a BRACUL  |b BRACUL  |c AMRC  |d 2025-04-24  |e Complimentary copy from Dr. Ahmed Mushtaque Raza Chowdhury (Former Vice Chairperson of BRAC)  |g 400.00  |l 0  |o 372.95492 QUA  |p 3010044394  |r 2025-04-24  |t 5  |w 2025-04-24  |y BK  |x Complimentary copy received from Dr. Ahmed Mushtaque Raza Chowdhury (Former Vice Chairperson of BRAC) on 17 April 2025 ; The university librarian instructed to process the photocopy of the book because the author is the copyright recipient.